LEADER 01170nam0 22002893i 450 001 SBL0591307 005 20231121125828.0 020 $aIT$b773800 100 $a20160725d1977 ||||0itac50 ba 101 | $aita 102 $ait 181 1$6z01$ai $bxxxe 182 1$6z01$an 200 1 $aAnalisi operativa dell'impresa$eeconomia, analisi contabile, tecniche decisorie e di controllo economico-finanziario, ricerca operativa: programmazione lineare e non lineare, ottimalizzazione, teoria dei giochi$fBasilio Giardina 210 $aMilano$cF. Angeli$dc1977 215 $a365 p.$d22 cm. 225 | $aAzienda moderna$v140 410 0$1001CFI0006307$12001 $aAzienda moderna$v140 700 1$aGiardina$b, Basilio$3CFIV072765$4070$03331 801 3$aIT$bIT-01$c20160725 850 $aIT-FR0098 899 $aBiblioteca Area Giuridico Economica$bFR0098 912 $aSBL0591307 950 0$aBiblioteca Area Giuridico Economica$d 53CAM 658/256$e 53VM 0000003165 VM barcode:0000279VM$fA $h19950707$i20121204 977 $a 53 996 $aAnalisi operativa dell'impresa$967626 997 $aUNICAS